[Event "EU-chT Seniors 65"]
[Site "Dresden"]
[Date "2022.10.27"]
[Round "1.4"]
[White "Meissner, Werner"]
[Black "Letzelter, Jean Claude"]
[Result "0-1"]
[WhiteElo "1819"]
[BlackElo "2050"]
[PlyCount "92"]
[EventDate "2022.10.27"]
[EventType "team-swiss"]
[EventRounds "9"]
[EventCountry "GER"]
[SourceTitle "EXT 2024"]
[Source "ChessBase"]
[SourceDate "2023.10.10"]
[SourceVersion "1"]
[SourceVersionDate "2023.10.10"]
[SourceQuality "1"]
[WhiteTeam "Dresden TuR 65"]
[BlackTeam "Strasbourg 65"]
[WhiteTeamCountry "GER"]
[BlackTeamCountry "FRA"]

1. e4 Nf6 2. e5 Nd5 3. d4 d6 4. exd6 cxd6 5. Nf3 g6 6. c4 Nb6 7. Nc3 Bg7 8. Be3 0-0 9. Rc1 Nc6 10. Be2 Bg4 11. c5 dxc5 12. dxc5 Qxd1+ 13. Rxd1 Bxc3+ 14. bxc3 Na4 15. Rc1 Rfd8 16. Nd4 Bxe2 17. Nxc6 bxc6 18. Kxe2 Rab8 19. Rc2 Rb5 20. Rd1 Rxd1 21. Kxd1 Ra5 22. Ke2 Nxc5 23. Rb2 f6 24. Kd2 Kf7 25. Kc2 Ne4 26. f3 Nd6 27. Kd3 Rd5+ 28. Ke2 Re5 29. Rb4 Nf5 30. Re4 Ra5 31. Bd2 Rxa2 32. Rc4 Ra6 33. Kd3 Nd6 34. Rh4 h5 35. g4 Ra4 36. f4 hxg4 37. Rxg4 Nf5 38. Rg1 c5 39. c4 Ra3+ 40. Bc3 Nd4 41. Rc1 Ne6 42. Ke4 Ra2 43. h4 Rf2 44. Be1 Rxf4+ 45. Ke3 Rf1 46. Ke2 Rh1 0-1

[Event "FRA-ch op Senior"]
[Site "Agen"]
[Date "2016.??.??"]
[Round "8"]
[White "Letzelter, Jean Claude"]
[Black "Goldenberg, Richard"]
[Result "0-1"]
[WhiteElo "2098"]
[BlackElo "2228"]
[PlyCount "56"]
[EventDate "2016.08.12"]
[EventType "swiss"]
[EventRounds "9"]
[EventCountry "FRA"]
[SourceTitle "EXT 2017"]
[Source "ChessBase"]
[SourceDate "2016.10.25"]
[SourceVersion "1"]
[SourceVersionDate "2016.10.25"]
[SourceQuality "1"]

1. b4 e5 2. Bb2 Bxb4 3. Bxe5 Nf6 4. c4 0-0 5. e3 Re8 6. Bb2 d5 7. Nf3 c5 8. cxd5 Nxd5 9. Be2 Nc6 10. Qc2 Bg4 11. a3 Ba5 12. Qxc5 Rc8 13. 0-0 Ne5 14. Qd4 Bb6 15. Qa4 Nxf3+ 16. Bxf3 Bxf3 17. gxf3 Re6 18. Kh1 Rg6 19. Rg1 Rxg1+ 20. Kxg1 Rc6 21. Nc3 h5 22. Rd1 Qd7 23. Nxd5 Rg6+ 24. Kh1 Rc6 25. Nc3 Qh3 26. Qe4 Bc7 27. f4 Bb6 28. Qa4 Qd7 0-1

[Event "FRA-ch Seniors"]
[Site "Saint Quentin"]
[Date "2015.??.??"]
[Round "8"]
[White "Letzelter, Jean Claude"]
[Black "Giffard, Nicolas"]
[Result "0-1"]
[WhiteElo "2103"]
[BlackElo "2303"]
[PlyCount "72"]
[EventDate "2015.08.09"]
[EventType "swiss"]
[EventRounds "11"]
[EventCountry "FRA"]
[SourceTitle "EXT 2016"]
[Source "ChessBase"]
[SourceDate "2015.10.08"]
[SourceVersion "1"]
[SourceVersionDate "2015.10.08"]
[SourceQuality "1"]

1. b4 d5 2. e3 Bf5 3. Bb2 e6 4. Nf3 Nf6 5. b5 Be7 6. Be2 0-0 7. Nh4 a6 8. Nxf5 exf5 9. a4 Ne4 10. 0-0 axb5 11. axb5 Rxa1 12. Bxa1 Nd7 13. d3 Nd6 14. Nc3 c6 15. bxc6 bxc6 16. Qd2 Nc5 17. f3 Ne6 18. Nd1 Qb6 19. Nf2 Ra8 20. c4 d4 21. e4 Bg5 22. Qc2 Be3 23. Rb1 Qc5 24. g3 fxe4 25. fxe4 f5 26. Bf3 Ng5 27. Bg2 fxe4 28. dxe4 Rf8 29. Rf1 Qxc4 30. Qb1 Qe2 31. e5 Bxf2+ 32. Kh1 Nf5 33. Qb3+ Kh8 34. h4 Nxg3+ 35. Qxg3 Qxf1+ 36. Bxf1 Bxg3 0-1

[Event "FRA-ch Seniors"]
[Site "Nimes"]
[Date "2014.08.27"]
[Round "10"]
[White "Biaux, Alain"]
[Black "Letzelter, Jean Claude"]
[Result "0-1"]
[WhiteElo "1900"]
[BlackElo "2088"]
[PlyCount "122"]
[EventDate "2014.08.17"]
[EventType "swiss"]
[EventRounds "11"]
[EventCountry "FRA"]
[SourceTitle "EXT 2017"]
[Source "ChessBase"]
[SourceDate "2016.10.25"]
[SourceVersion "1"]
[SourceVersionDate "2016.10.25"]
[SourceQuality "1"]

1. d4 e6 2. Nf3 f5 3. g3 Nf6 4. Bg2 Be7 5. c4 d6 6. 0-0 0-0 7. Nc3 Qe8 8. Re1 Qg6 9. e4 fxe4 10. Nxe4 Nxe4 11. Rxe4 Nc6 12. Qe1 Bf6 13. Bd2 e5 14. dxe5 Nxe5 15. Nxe5 Bxe5 16. Bc3 Bxc3 17. Qxc3 Qg5 18. Rae1 c6 19. Re7 Kh8 20. h4 Qg6 21. f4 Rb8 22. h5 Qh6 23. Bf3 Rg8 24. Qd4 Bf5 25. g4 Qf6 26. Qf2 Bd3 27. Qd2 Bxc4 28. g5 Qf5 29. h6 Qd3 30. Qxd3 Bxd3 31. hxg7+ Rxg7 32. Rxg7 Kxg7 33. Rd1 Bf5 34. Rxd6 Re8 35. Kf2 Re7 36. Be2 Be4 37. Bd3 Bxd3 38. Rxd3 Kg6 39. Kf3 Kf5 40. Rd6 Rf7 41. b4 h5 42. b5 cxb5 43. Rd5+ Kg6 44. Rxb5 Rc7 45. Rd5 Rc3+ 46. Ke4 Rc6 47. Rd8 Ra6 48. Rh8 Ra4+ 49. Ke5 Rxa2 50. Rh6+ Kg7 51. Rxh5 Re2+ 52. Kf5 Rc2 53. Rh3 b5 54. Rd3 Rc7 55. Kg4 b4 56. f5 Rb7 57. Kh5 b3 58. Rd6 b2 59. f6+ Kg8 60. g6 Rb8 61. Kh6 b1Q 0-1

[Event "FRA-ch Seniors"]
[Site "Nimes"]
[Date "2014.08.20"]
[Round "4"]
[White "Violeau, Jean Luc"]
[Black "Letzelter, Jean Claude"]
[Result "0-1"]
[WhiteElo "1882"]
[BlackElo "2088"]
[PlyCount "42"]
[EventDate "2014.08.17"]
[EventType "swiss"]
[EventRounds "11"]
[EventCountry "FRA"]
[SourceTitle "EXT 2017"]
[Source "ChessBase"]
[SourceDate "2016.10.25"]
[SourceVersion "1"]
[SourceVersionDate "2016.10.25"]
[SourceQuality "1"]

1. Nf3 e6 2. c4 f5 3. Nc3 Nf6 4. g3 b6 5. Bg2 Bb7 6. 0-0 Be7 7. d4 Ne4 8. Nxe4 Bxe4 9. Ne1 Bxg2 10. Nxg2 d5 11. Bf4 Qd7 12. Rc1 dxc4 13. Rxc4 Na6 14. Qd2 Rd8 15. Rd1 0-0 16. a3 Bf6 17. Bg5 e5 18. dxe5 Qb5 19. Rd4 Rxd4 20. Qxd4 Bxg5 21. h4 Rd8 0-1

[Event "FRA-ch Veterans"]
[Site "Belfort"]
[Date "2010.??.??"]
[Round "6"]
[White "Letzelter, Jean Claude"]
[Black "Negre, Albert"]
[Result "1/2-1/2"]
[WhiteElo "2165"]
[BlackElo "2098"]
[PlyCount "134"]
[EventDate "2010.08.10"]
[EventType "swiss"]
[EventRounds "11"]
[EventCountry "FRA"]
[SourceTitle "CBM 138 Extra"]
[Source "ChessBase"]
[SourceDate "2010.10.29"]
[SourceVersion "1"]
[SourceVersionDate "2010.10.29"]
[SourceQuality "1"]

1. e4 e5 2. d4 exd4 3. Qxd4 Nc6 4. Qa4 Nf6 5. Nc3 d6 6. Nf3 Bd7 7. Qb5 Nd4 8. Qd3 Nxf3+ 9. Qxf3 Be7 10. e5 dxe5 11. Qxb7 0-0 12. Bc4 Bf5 13. Bb3 a5 14. Bg5 Bb4 15. Qf3 Bxc3+ 16. Qxc3 Qd6 17. Qf3 Be4 18. Qe3 Bg6 19. Rd1 Qb4+ 20. c3 Qg4 21. Bxf6 gxf6 22. Bd5 Rab8 23. b3 Rbd8 24. 0-0 Rd6 25. Bf3 Qe6 26. Qc5 a4 27. Bd5 Qd7 28. f4 exf4 29. Rxf4 axb3 30. axb3 Kg7 31. Rfd4 Rd8 32. h3 Qe7 33. Bf3 Qe3+ 34. Kh2 Rxd4 35. cxd4 Qf4+ 36. Kh1 Be4 37. Bxe4 Qxe4 38. Qxc7 Rxd4 39. Qg3+ Kf8 40. Re1 Qb7 41. Qe3 Rh4 42. Qe8+ Kg7 43. Re3 Rh5 44. Qd8 Qb5 45. Qd3 Qc5 46. Qc3 Qd5 47. Rd3 Qb5 48. Rf3 Rf5 49. Qd3 Rg5 50. Qxb5 Rxb5 51. Kg1 f5 52. Kf2 Kg6 53. Ke2 Kg5 54. g3 f4 55. gxf4+ Kf5 56. Rg3 f6 57. Kd2 h5 58. Kc3 Kxf4 59. Rg6 f5 60. Kc4 Rb8 61. b4 Kf3 62. Rg5 f4 63. Rxh5 Kg3 64. Rf5 f3 65. b5 f2 66. Kc5 Rc8+ 67. Kd6 Rc1 1/2-1/2

[Event "FRA-chT2 East 0809"]
[Site "France"]
[Date "2009.03.15"]
[Round "9.4"]
[White "Letzelter, Jean Claude"]
[Black "Iglesias, Yosha"]
[Result "0-1"]
[WhiteElo "2155"]
[BlackElo "2198"]
[PlyCount "94"]
[EventDate "2008.10.19"]
[EventType "team-tourn"]
[EventRounds "11"]
[EventCountry "FRA"]
[SourceTitle "EXT 2010"]
[Source "ChessBase"]
[SourceDate "2010.11.25"]
[SourceVersion "1"]
[SourceVersionDate "2010.11.25"]
[SourceQuality "1"]
[WhiteTeam "Strasbourg II"]
[BlackTeam "Vandoeuvre II"]
[WhiteTeamCountry "FRA"]
[BlackTeamCountry "FRA"]

1. e4 c5 2. Nf3 d6 3. d4 cxd4 4. Nxd4 Nf6 5. Nc3 g6 6. Bc4 Bg7 7. 0-0 0-0 8. Nde2 Nc6 9. Bf4 Be6 10. Bxe6 fxe6 11. Qd2 d5 12. Rad1 d4 13. e5 Nh5 14. Nb5 Qb6 15. Nbxd4 Nxd4 16. Qxd4 Nxf4 17. Nxf4 Qxd4 18. Rxd4 Bxe5 19. Nxe6 Bxd4 20. Nxd4 e5 21. Nf3 Rad8 22. Re1 Rfe8 23. c3 Kg7 24. Kf1 Kf6 25. Re4 Rd6 26. Ke2 g5 27. Rg4 h6 28. Rb4 Rb6 29. Rxb6+ axb6 30. Nd2 g4 31. Ne4+ Ke6 32. a4 Rd8 33. b3 Kf5 34. Nd2 e4 35. c4 Kf4 36. h3 gxh3 37. gxh3 Rd3 38. h4 Rh3 39. b4 Rxh4 40. Nf1 Rg4 41. c5 bxc5 42. bxc5 Rg8 43. Ne3 h5 44. Kf1 h4 45. Ng2+ Rxg2 46. Kxg2 Ke5 47. a5 Kd5 0-1

[Event "FRA-chT2 East 0607"]
[Site "France"]
[Date "2007.03.17"]
[Round "8.4"]
[White "Kuhn, Christian"]
[Black "Letzelter, Jean Claude"]
[Result "0-1"]
[WhiteElo "2050"]
[BlackElo "2210"]
[PlyCount "52"]
[EventDate "2006.10.15"]
[EventType "team"]
[EventRounds "11"]
[EventCountry "FRA"]
[SourceTitle "EXT 2008"]
[Source "ChessBase"]
[SourceDate "2007.11.25"]
[SourceVersion "1"]
[SourceVersionDate "2007.11.25"]
[SourceQuality "1"]
[WhiteTeam "Sarreguemines"]
[BlackTeam "Strasbourg II"]
[WhiteTeamCountry "FRA"]
[BlackTeamCountry "FRA"]

1. e4 e6 2. d4 d5 3. e5 c5 4. c3 Nc6 5. Nf3 Qa5 6. Bd3 cxd4 7. 0-0 dxc3 8. Nxc3 Bd7 9. Bf4 Nge7 10. a3 Ng6 11. Bg3 a6 12. Re1 Rc8 13. Ng5 Be7 14. Qh5 Bxg5 15. Qxg5 Qb6 16. Na4 Qd4 17. Bxg6 hxg6 18. b4 Rh5 19. Qf4 Qxf4 20. Bxf4 Nd4 21. Nb6 Rc2 22. Be3 Ne2+ 23. Kh1 Rxe5 24. Rad1 Bc6 25. Rd3 d4 26. Red1 dxe3 0-1